Statistics for Rivers of Russia

Click here to take the quiz!

General Stats

  • This quiz has been taken 1,053 times
  • The average score is 6 of 14

Answer Stats

HintAnswer% Correct
3692 kmVolga
98%
2962 kmOb
78%
4472 kmLena
72%
2824 kmAmur
63%
1950 kmDon
58%
5539 kmYenisey
47%
4248 kmIrtysh
33%
1805 kmKama
21%
1779 kmAngara
20%
1500 kmOka
19%
2129 kmKolyma
19%
744 kmNorthern Dvina
17%
872 kmYana
11%
1726 kmIndigirka
11%

Score Distribution

Percentile by Number Answered

Percent of People with Each Score

Your Score History

You have not taken this quiz